MARC

LEADER 00000nam2a2200000 4500
001 673761
005 20250131170213.0
035 |a (RuTPU)RU\TPU\book\41460 
090 |a 673761 
100 |a 20240719d1974 k||y0rusy50 ca 
101 0 |a rus 
102 |a RU 
105 |a a j 001zy 
181 0 |a i   |b  e  
182 0 |a n 
183 0 |a nc  |2 RDAcarrier 
200 1 |a Сб. 40: Вопросы расчета и теоретических обоснований гидротехнических конструкций  |e [сборник]  |f под ред. Д. М. Юринова 
210 |d 1974 
215 |a 215 с.  |c ил. 
283 |a volume  |2 RDAcarrier 
300 |a Библиогр. в конце ст. 
461 1 |0 264157  |9 264157  |a Всесоюзный проектно-изыскательский и научно-исследовательский институт "ГИДРОПРОЕКТ" имени С. Я. Жука  |d 1958-1989  |n Изд-во Гидропроекта  |o [сборник]  |t Труды Гидропроекта  |v Сб. 40: Вопросы расчета и теоретических обоснований гидротехнических конструкций 
500 1 0 |a Труды Гидропроекта  |9 88828 
606 |a Гидротехнические сооружения речные  |x Проектирование  |2 stltpush  |3 (RuTPU)RU\TPU\subj\7003  |9 34735 
610 1 |a расчеты 
610 1 |a прочность 
610 1 |a скальные основания 
610 1 |a квазидвумерные схемы 
610 1 |a арочные плотины 
610 1 |a метод конечных элементов 
610 1 |a горные породы 
610 1 |a турбинные трубопроводы 
610 1 |a Саянская ГЭС 
610 1 |a Красноярская ГЭС 
675 |a 627.4  |v 3 
702 1 |a Юринов  |b Д. М.  |4 340 
801 1 |a RU  |b 63413507  |c 20240719  |g PSBO 
801 2 |a RU  |b 63413507  |c 20161027  |g PSBO 
942 |c CR